000 00617nam a2200241Ia 4500
003 OSt
005 20220926043646.0
006 a|||||r|||| 00| 0
007 ta
008 220923b |||||||| |||| 00| 0 eng d
037 _cGeneral Book
040 _aRTL
_cRTL
_beng
041 _2eng
_aeng
082 _aU:3, J7
100 _aPreece D M
_993137
245 0 _aBritish isles
260 _c1957
490 _aModern geogrpahy,No 2
650 _aGreat Britain Geography
_9233232
700 _a Wood H R B
_993138
942 _hU:3, J7
_cGB
_2CC
999 _c672851
_d672851